<?xml version="1.0" encoding="UTF-8"?>
<record
    xmlns:xsi="http://www.w3.org/2001/XMLSchema-instance"
    xsi:schemaLocation="http://www.loc.gov/MARC21/slim http://www.loc.gov/standards/marcxml/schema/MARC21slim.xsd"
    xmlns="http://www.loc.gov/MARC21/slim">

  <leader>01003nam a2200241Ia 4500</leader>
  <datafield tag="999" ind1=" " ind2=" ">
    <subfield code="c">39662</subfield>
    <subfield code="d">39662</subfield>
  </datafield>
  <controlfield tag="001">6264</controlfield>
  <controlfield tag="003">GE_BSU</controlfield>
  <controlfield tag="005">20191104161929.0</controlfield>
  <controlfield tag="008">181216s2007||||ge |||||||||||||| ||geo||</controlfield>
  <datafield tag="020" ind1=" " ind2=" ">
    <subfield code="a">9789992309013</subfield>
  </datafield>
  <datafield tag="040" ind1=" " ind2=" ">
    <subfield code="c">GE_BSU</subfield>
  </datafield>
  <datafield tag="041" ind1=" " ind2=" ">
    <subfield code="a">geo</subfield>
  </datafield>
  <datafield tag="080" ind1=" " ind2=" ">
    <subfield code="a">72(038) &#x10D9;-46</subfield>
  </datafield>
  <datafield tag="100" ind1=" " ind2=" ">
    <subfield code="a">&#x10D9;&#x10D5;&#x10D8;&#x10E0;&#x10D9;&#x10D5;&#x10D4;&#x10DA;&#x10D8;&#x10D0;, &#x10D7;&#x10D4;&#x10DC;&#x10D2;&#x10D8;&#x10D6;</subfield>
    <subfield code="9">5248</subfield>
  </datafield>
  <datafield tag="245" ind1=" " ind2=" ">
    <subfield code="a">&#x10E0;&#x10E3;&#x10E1;&#x10E3;&#x10DA;-&#x10E5;&#x10D0;&#x10E0;&#x10D7;&#x10E3;&#x10DA;&#x10D8; &#x10EE;&#x10E3;&#x10E0;&#x10DD;&#x10D7;&#x10DB;&#x10DD;&#x10EB;&#x10E6;&#x10D5;&#x10E0;&#x10E3;&#x10DA;&#x10D8; &#x10D2;&#x10D0;&#x10DC;&#x10DB;&#x10D0;&#x10E0;&#x10E2;&#x10D4;&#x10D1;&#x10D8;&#x10D7;&#x10D8; &#x10DA;&#x10D4;&#x10E5;&#x10E1;&#x10D8;&#x10D9;&#x10DD;&#x10DC;&#x10D8;</subfield>
    <subfield code="c">&#x10D7;&#x10D4;&#x10DC;&#x10D2;&#x10D8;&#x10D6; &#x10D9;&#x10D5;&#x10D8;&#x10E0;&#x10D9;&#x10D5;&#x10D4;&#x10DA;&#x10D8;&#x10D0; ; &#x10E0;&#x10D4;&#x10D3;. &#x10D2;&#x10E3;&#x10E0;&#x10D0;&#x10DB; &#x10D9;&#x10D5;&#x10D8;&#x10E0;&#x10D9;&#x10D5;&#x10D4;&#x10DA;&#x10D8;&#x10D0;.</subfield>
  </datafield>
  <datafield tag="264" ind1=" " ind2=" ">
    <subfield code="a">&#x10D7;&#x10D1;&#x10D8;&#x10DA;&#x10D8;&#x10E1;&#x10D8;,</subfield>
    <subfield code="c">2007</subfield>
  </datafield>
  <datafield tag="300" ind1=" " ind2=" ">
    <subfield code="a">264 &#x10D2;&#x10D5;. :</subfield>
    <subfield code="b"> &#x10D8;&#x10DA;. ;</subfield>
    <subfield code="c">21 &#x10E1;&#x10DB;.</subfield>
  </datafield>
  <datafield tag="653" ind1=" " ind2=" ">
    <subfield code="a">&#x10E5;&#x10D0;&#x10E0;&#x10D7;&#x10D5;&#x10D4;&#x10DA;&#x10DD;&#x10DA;&#x10DD;&#x10D2;&#x10D8;&#x10D0;</subfield>
  </datafield>
  <datafield tag="653" ind1=" " ind2=" ">
    <subfield code="a">&#x10DA;&#x10D4;&#x10E5;&#x10E1;&#x10D8;&#x10D9;&#x10DD;&#x10DC;&#x10D8;</subfield>
  </datafield>
  <datafield tag="653" ind1=" " ind2=" ">
    <subfield code="a"> &#x10EE;&#x10E3;&#x10E0;&#x10DD;&#x10D7;&#x10DB;&#x10DD;&#x10EB;&#x10E6;&#x10D5;&#x10E0;&#x10D4;&#x10D1;&#x10D0;</subfield>
  </datafield>
  <datafield tag="700" ind1=" " ind2=" ">
    <subfield code="a">&#x10D5;&#x10D8;&#x10E0;&#x10D9;&#x10D5;&#x10D4;&#x10DA;&#x10D8;&#x10D0;, &#x10D2;&#x10E3;&#x10E0;&#x10D0;&#x10DB;</subfield>
    <subfield code="e">&#x10E0;&#x10D4;&#x10D3;&#x10D0;&#x10E5;&#x10E2;&#x10DD;&#x10E0;&#x10D8;</subfield>
    <subfield code="9">5249</subfield>
  </datafield>
  <datafield tag="942" ind1=" " ind2=" ">
    <subfield code="c">BK</subfield>
    <subfield code="2">udc</subfield>
  </datafield>
  <datafield tag="952" ind1=" " ind2=" ">
    <subfield code="0">0</subfield>
    <subfield code="1">0</subfield>
    <subfield code="2">udc</subfield>
    <subfield code="4">0</subfield>
    <subfield code="6">72038_&#x10D9;46</subfield>
    <subfield code="7">0</subfield>
    <subfield code="9">43266</subfield>
    <subfield code="a">CPL</subfield>
    <subfield code="b">CPL</subfield>
    <subfield code="c">GEN</subfield>
    <subfield code="d">2018-12-17</subfield>
    <subfield code="o">72(038) &#x10D9;-46</subfield>
    <subfield code="p">6734</subfield>
    <subfield code="r">2018-12-17</subfield>
    <subfield code="t">6734</subfield>
    <subfield code="w">2018-12-17</subfield>
    <subfield code="y">BK</subfield>
  </datafield>
  <datafield tag="952" ind1=" " ind2=" ">
    <subfield code="0">0</subfield>
    <subfield code="1">0</subfield>
    <subfield code="2">udc</subfield>
    <subfield code="4">0</subfield>
    <subfield code="6">72038_&#x10D9;46</subfield>
    <subfield code="7">0</subfield>
    <subfield code="9">43267</subfield>
    <subfield code="a">CPL</subfield>
    <subfield code="b">CPL</subfield>
    <subfield code="c">GEN</subfield>
    <subfield code="d">2018-12-17</subfield>
    <subfield code="o">72(038) &#x10D9;-46</subfield>
    <subfield code="p">6735</subfield>
    <subfield code="r">2018-12-17</subfield>
    <subfield code="t">6735</subfield>
    <subfield code="w">2018-12-17</subfield>
    <subfield code="y">BK</subfield>
  </datafield>
  <datafield tag="952" ind1=" " ind2=" ">
    <subfield code="0">0</subfield>
    <subfield code="1">0</subfield>
    <subfield code="2">udc</subfield>
    <subfield code="4">0</subfield>
    <subfield code="6">72038_&#x10D9;46</subfield>
    <subfield code="7">0</subfield>
    <subfield code="9">43268</subfield>
    <subfield code="a">CPL</subfield>
    <subfield code="b">CPL</subfield>
    <subfield code="c">GEN</subfield>
    <subfield code="d">2018-12-17</subfield>
    <subfield code="o">72(038) &#x10D9;-46</subfield>
    <subfield code="p">6736</subfield>
    <subfield code="r">2018-12-17</subfield>
    <subfield code="t">6736</subfield>
    <subfield code="w">2018-12-17</subfield>
    <subfield code="y">BK</subfield>
  </datafield>
  <datafield tag="952" ind1=" " ind2=" ">
    <subfield code="0">0</subfield>
    <subfield code="1">0</subfield>
    <subfield code="2">udc</subfield>
    <subfield code="4">0</subfield>
    <subfield code="6">72038_&#x10D9;46</subfield>
    <subfield code="7">0</subfield>
    <subfield code="9">43269</subfield>
    <subfield code="a">CPL</subfield>
    <subfield code="b">CPL</subfield>
    <subfield code="c">GEN</subfield>
    <subfield code="d">2018-12-17</subfield>
    <subfield code="o">72(038) &#x10D9;-46</subfield>
    <subfield code="p">6737</subfield>
    <subfield code="r">2018-12-17</subfield>
    <subfield code="t">6737</subfield>
    <subfield code="w">2018-12-17</subfield>
    <subfield code="y">BK</subfield>
  </datafield>
  <datafield tag="952" ind1=" " ind2=" ">
    <subfield code="0">0</subfield>
    <subfield code="1">0</subfield>
    <subfield code="2">udc</subfield>
    <subfield code="4">0</subfield>
    <subfield code="6">72038_&#x10D9;46</subfield>
    <subfield code="7">0</subfield>
    <subfield code="9">43270</subfield>
    <subfield code="a">CPL</subfield>
    <subfield code="b">CPL</subfield>
    <subfield code="c">GEN</subfield>
    <subfield code="d">2018-12-17</subfield>
    <subfield code="o">72(038) &#x10D9;-46</subfield>
    <subfield code="p">6738</subfield>
    <subfield code="r">2018-12-17</subfield>
    <subfield code="t">6738</subfield>
    <subfield code="w">2018-12-17</subfield>
    <subfield code="y">BK</subfield>
  </datafield>
  <datafield tag="952" ind1=" " ind2=" ">
    <subfield code="0">0</subfield>
    <subfield code="1">0</subfield>
    <subfield code="2">udc</subfield>
    <subfield code="4">0</subfield>
    <subfield code="6">72038_&#x10D9;46</subfield>
    <subfield code="7">0</subfield>
    <subfield code="9">43271</subfield>
    <subfield code="a">CPL</subfield>
    <subfield code="b">CPL</subfield>
    <subfield code="c">GEN</subfield>
    <subfield code="d">2018-12-17</subfield>
    <subfield code="o">72(038) &#x10D9;-46</subfield>
    <subfield code="p">6739</subfield>
    <subfield code="r">2018-12-17</subfield>
    <subfield code="t">6739</subfield>
    <subfield code="w">2018-12-17</subfield>
    <subfield code="y">BK</subfield>
  </datafield>
  <datafield tag="952" ind1=" " ind2=" ">
    <subfield code="0">0</subfield>
    <subfield code="1">0</subfield>
    <subfield code="2">udc</subfield>
    <subfield code="4">0</subfield>
    <subfield code="6">72038_&#x10D9;46</subfield>
    <subfield code="7">0</subfield>
    <subfield code="9">43272</subfield>
    <subfield code="a">CPL</subfield>
    <subfield code="b">CPL</subfield>
    <subfield code="c">GEN</subfield>
    <subfield code="d">2018-12-17</subfield>
    <subfield code="o">72(038) &#x10D9;-46</subfield>
    <subfield code="p">6740</subfield>
    <subfield code="r">2018-12-17</subfield>
    <subfield code="t">6740</subfield>
    <subfield code="w">2018-12-17</subfield>
    <subfield code="y">BK</subfield>
  </datafield>
  <datafield tag="952" ind1=" " ind2=" ">
    <subfield code="0">0</subfield>
    <subfield code="1">0</subfield>
    <subfield code="2">udc</subfield>
    <subfield code="4">0</subfield>
    <subfield code="6">72038_&#x10D9;46</subfield>
    <subfield code="7">0</subfield>
    <subfield code="9">43273</subfield>
    <subfield code="a">CPL</subfield>
    <subfield code="b">CPL</subfield>
    <subfield code="c">GEN</subfield>
    <subfield code="d">2018-12-17</subfield>
    <subfield code="o">72(038) &#x10D9;-46</subfield>
    <subfield code="p">6741</subfield>
    <subfield code="r">2018-12-17</subfield>
    <subfield code="t">6741</subfield>
    <subfield code="w">2018-12-17</subfield>
    <subfield code="y">BK</subfield>
  </datafield>
  <datafield tag="952" ind1=" " ind2=" ">
    <subfield code="0">0</subfield>
    <subfield code="1">0</subfield>
    <subfield code="2">udc</subfield>
    <subfield code="4">0</subfield>
    <subfield code="6">72038_&#x10D9;46</subfield>
    <subfield code="7">0</subfield>
    <subfield code="9">43274</subfield>
    <subfield code="a">CPL</subfield>
    <subfield code="b">CPL</subfield>
    <subfield code="c">GEN</subfield>
    <subfield code="d">2018-12-17</subfield>
    <subfield code="o">72(038) &#x10D9;-46</subfield>
    <subfield code="p">6742</subfield>
    <subfield code="r">2018-12-17</subfield>
    <subfield code="t">6742</subfield>
    <subfield code="w">2018-12-17</subfield>
    <subfield code="y">BK</subfield>
  </datafield>
  <datafield tag="952" ind1=" " ind2=" ">
    <subfield code="0">0</subfield>
    <subfield code="1">0</subfield>
    <subfield code="2">udc</subfield>
    <subfield code="4">0</subfield>
    <subfield code="6">72038_&#x10D9;46</subfield>
    <subfield code="7">0</subfield>
    <subfield code="9">43275</subfield>
    <subfield code="a">CPL</subfield>
    <subfield code="b">CPL</subfield>
    <subfield code="c">GEN</subfield>
    <subfield code="d">2018-12-17</subfield>
    <subfield code="o">72(038) &#x10D9;-46</subfield>
    <subfield code="p">6743</subfield>
    <subfield code="r">2018-12-17</subfield>
    <subfield code="t">6743</subfield>
    <subfield code="w">2018-12-17</subfield>
    <subfield code="y">BK</subfield>
  </datafield>
</record>
